00884nam a22001937a 450000500170000000800400001702000150005705000210007210000340009324501270012725000120025426000910026630000280035750000890038550400220047460000660049665000630056265100650062520150124125011.0130909t sp||||| |||| 00| 0 spa d a847468106504aHJ801 bR63 19851 aRodríguez García, Vicente13aEl Fiscal de Real Hacienda en Nueva España :bdon Ramón de Posada y Soto, 1781 - 1793 /cVicente Rodríguez García. a1a. ed. aOviedo, (España) :bSecretaría de Publicaciones de la Universidad de Oviedo,c1985 a379 p. :bil. ;c23 cm. aNota : Publicación conmemorativa del V centenario del descubrimiento de América  aIncluye índices172LEMBaPosada y Soto, Ramón de,d[1746 - 1815],xBiografía 72LEMBaFinanzas públicaszMéxicoxHistoriaySiglo XVIII 72LEMBaMéxicoxHistoriayDominación española, 1517-1821